| 000 | 00874cam a2200205 4500 | ||
|---|---|---|---|
| 001 | WB3625-23 | ||
| 008 | 000000n2000 000 0 eng u | ||
| 035 | _a(Sirsi) u106876 | ||
| 245 | _aPlanning permission conditions | ||
| 260 | _c2000 | ||
| 490 |
_aEstates Gazette Case Summaries _v[2000] EGCS 72 |
||
| 520 | _a"Jolley v Carmel Ltd" ChD 7 June 2000. Claimant seller purported that defendant buyer had rescinded his contract to purchase a former convalescent home on the grounds that he was in breach of an implied obligation to make reasonable efforts to obtain the granting of planning permission. Held that the contact was still on foot at date of claim. | ||
| 590 | _aWB | ||
| 650 | _aIMPLIED TERMS | ||
| 650 | _aBREACH OF CONTRACT | ||
| 650 | _aJOLLEY V CARMEL | ||
| 650 | _aPLANNING PERMISSION | ||
| 690 | _aPROPERTY AND LAND LAW-CASE LAW | ||
| 942 | _n0 | ||
| 999 |
_c63940 _d63940 |
||